Words that End in "-tchy” - Statistics

General Stats
  • This quiz has been taken 174 times
  • The average score is 5 of 13
Answer Stats
Answer % Correct
Itchy
92%
Witchy
62%
Catchy
49%
Patchy
49%
Scratchy
47%
Pitchy
43%
Glitchy
38%
Sketchy
32%
Twitchy
28%
Blotchy
19%
Tetchy
18%
Splotchy
12%
Stretchy
11%
No matching quizzes found
Score Distribution
Percent of People with Each Score
Percentile by Number Answered
Your Score History
You have not taken this quiz